00334pab a2200121 454500008004000000100002600040245005800066260000900124300001300133362000800146650002700154773003100181180718b2011 xxu||||| |||| 00| 0 eng d aStrang, Kenneth David aPortfolio selection methodology for a nuclear project c2011 ap.81-93. aMar aNuclear power stations aProject Management Journal